|
|
|
|
| LEADER |
00799cam a2200241 7i4500 |
| 001 |
0000036909 |
| 005 |
20230109090000.0 |
| 007 |
##ta |
| 008 |
220630t2021 eng |
| 020 |
# |
# |
|a 9781684037858
|
| 040 |
# |
# |
|a MATR
|
| 090 |
0 |
0 |
|a B 158
|b ASI
|
| 100 |
1 |
# |
|a Glassman, Scott
|e author
|
| 245 |
0 |
0 |
|a A Happier You :
|b A 7-week Program to Transform Negative Thinking into Positivity & Resillience
|c Scott Glassman.
|
| 264 |
# |
1 |
|a Oakland, CA:
|b New Harbinger Publications, Inc.,
|c 2021.
|
| 300 |
# |
# |
|a vi, 203 pages:
|b colour photographs.
|
| 336 |
# |
# |
|a text
|2 rdacontent
|
| 337 |
# |
# |
|a unmediated
|2 rdamedia
|
| 338 |
# |
# |
|a volume
|2 rdacarrier
|
| 650 |
# |
0 |
|a Happiness
|
| 650 |
# |
0 |
|a Negativism
|
| 650 |
# |
0 |
|a Resilience (Personality trait)
|
| 999 |
|
|
|a 0000041828
|b Book
|c Book
|e Business Information Centre
|